LIBRARY & INFORMATION CENTRE, KCAET, TAVANUR

ONLINE PUBLIC ACCESS CATALOGUE (OPAC)

2500 Solved problems in fluid mechanics and hydraulics / (Record no. 7491)

MARC details
000 -LEADER
fixed length control field 00640cam a2200229ua 4500
020 ## - INTERNATIONAL STANDARD BOOK NUMBER
ISBN 0-07-099164-2
041 ## - LANGUAGE CODE
Language code of text/sound track or separate title eng
082 ## - DEWEY DECIMAL CLASSIFICATION NUMBER
Classification number 532
Item number EVE/SO
100 ## - MAIN ENTRY--AUTHOR NAME
Personal name Evett, Jack B .
245 ## - TITLE STATEMENT
Title 2500 Solved problems in fluid mechanics and hydraulics /
250 ## - EDITION STATEMENT
Edition statement 1 /
260 ## - PUBLICATION, DISTRIBUTION, ETC. (IMPRINT)
Place of publication New York :
Name of publisher McGraw Hill Book Company ,
Year of publication 1989.
300 ## - PHYSICAL DESCRIPTION
Number of Pages 777 ; .
490 0# - SERIES STATEMENT
Series statement Schaums solved problem series,
Volume number/sequential designation
500 ## - GENERAL NOTE
General note 18190 - CSS
700 1# - ADDED ENTRY--PERSONAL NAME
Personal name Liu, Cheng .
942 ## - ADDED ENTRY ELEMENTS (KOHA)
Koha item type Books
Holdings
Withdrawn status Lost status Damaged status Home library Current library Date acquired Full call number Accession Number Koha item type Shelving location
      KAUAET KAUAET 07/04/2012 532 EVE/SO 18006 Books  
      KAUAET KAUAET 07/04/2012 532 EVE/SO 18190 Books Scheme
free website counter